000 00630cab a2200217 4500
001 ABS40896
008 090401t1989 xxu||||| |||| 00| 0 eng d
035 _a(Sirsi) u26807
041 _aeng
100 _aRock, S.
245 _aBouygues and the art of empire building
260 _c1989
350 _a0
490 _aDirector
_vMay 1989, 95-98(3)
520 _aAnalysis of the French construction company Bouygues which is purchasing some of Britain`s water companies in a plan to diversify.
650 _aFRANCE
650 _aWATER PRIVATISATION
690 _aBUILT ENVIRONMENT
942 _n0
948 _c04/03/1997
999 _c18051
_d18051